La Liga: 50+ Assists (2000-) - Statistics

General Stats
  • This quiz has been taken 20 times
  • The average score is 18 of 30
Answer Stats
Ranking Player Positions Nationality Matches Goals (assists) Periods Clubs % Correct
1 Lionel Messi MF, FW 519 474 (191) 2004-2021
100%
15 Ivan Rakitić MF 438 61 (65) 2010-2024
93%
2 Karim Benzema FW 439 238 (106) 2009-2023
93%
19 Luka Modrić MF 394 30 (63) 2012-2025
93%
7 Cristiano Ronaldo MF, FW 292 311 (83) 2009-2018
87%
8 Koke MF 485 38 (83) 2009-2025
87%
11 Luis Suárez FW 258 178 (73) 2014-2022
87%
12 Toni Kroos MF 306 22 (69) 2014-2024
87%
3 Xavi MF 464 57 (105) 2000-2015
87%
14 Andrés Iniesta MF 442 35 (65) 2002-2018
80%
6 Antoine Griezmann MF, FW 530 198 (84) 2010-2025
80%
4 Dani Alves DF, MF 435 26 (96) 2002-2015, 2021-2022
80%
5 Joaquín MF, FW 623 77 (95) 2001-2012, 2015-2023
80%
30 Ángel Di María MF, FW 124 22 (50) 2010-2014
67%
10 Daniel Parejo MF 526 77 (79) 2008-2025
67%
18 Isco MF, FW 382 68 (63) 2010-2025
67%
9 Jesús Navas DF, FW 518 26 (82) 2003-2012, 2017-2025
67%
29 Luís Figo MF, FW 164 36 (51) 2000-2005
67%
23 Marcelo DF, MF 386 26 (57) 2006-2022
67%
17 Iago Aspas MF, FW 387 165 (64) 2012-2013, 2014-2025
60%
13 Jordi Alba DF, MF 387 22 (67) 2009-2023
53%
24 Santi Cazorla MF 323 53 (57) 2003-2011, 2018-2020
33%
25 José Antonio Reyes MF 347 48 (55) 2001-2003, 2006-2007, 2009-2017
27%
22 Pedro Munitis FW 362 29 (60) 2000-2012
27%
20 Sergio García MF, FW 360 75 (62) 2003-2008, 2010-2014, 2017-2019
27%
28 Markel Susaeta MF, FW 379 38 (52) 2007-2019
20%
27 Pedro León MF, FW 346 44 (54) 2007-2021
20%
26 Duda DF, FW 343 34 (54) 2001-2002, 2003-2017
13%
21 Francisco Yeste MF 288 51 (61) 2000-2010
13%
16 Ariel Ibagaza MF 286 26 (64) 2000-2010
7%
No matching quizzes found
Score Distribution
Percent of People with Each Score
Percentile by Number Answered
Your Score History
You have not taken this quiz